Culture Générale - Série 1025 - Statistiques

Statistiques générales
  • Ce quiz a été pris 142 fois
  • Le résultat moyen est 6 sur 10
Statistiques - réponses
Question Réponse % Correct
Quel adjectif, commençant par "télé", qualifie une personne qui fait un bel effet à la télévision ? télégénique
85%
Quel détroit fait communiquer l'Atlantique et la Méditerranée ? détroit de Gibraltar
82%
À quel personnage imaginé par Alfred Jarry, l'adjectif "ubuesque" fait-il référence ? Ubu
80%
Selon l'expression couramment utilisée, combien de chandelles voit-on à la suite d'un coup ? 36
79%
Dans quel fleuve la Durance se jette-t-elle ? Rhône
75%
Dans quel sport remet-on le trophée surnommé "la coupe aux grandes oreilles" ? football
63%
Quel acteur américain, célèbre pour ses nombreux rôles de cow-boy, était surnommé "The Duke" ? John Wayne
56%
Quel mot désigne à la fois une arme à feu et un vase à col incliné qui, à l'hôpital, permet à un homme alité d'uriner ? pistolet
54%
Quel mot anglais de 4 lettres, signifiant "confortable", désigne un divan muni d'une étagère et placé dans une encoignure ? cosy
51%
En 1995, quel film de Michael Mann réunit Robert de Niro et Al Pacino ? Heat
22%
Aucun quiz correspondant
Distribution des résultats
% des personnes avec chaque résultat
Percentile par nombre de réponses
Votre historique - résultats
Vous n’avez pas pris ce quiz